000 00328nam a2200109Ia 4500
008 230302s9999 xx 000 0 und d
082 _a004.2PAR
100 _aPARKER (Roger. C)
245 _aDesign To Sell : Use Microsoft Publisher To Plan Write And Desing Great Marketing Pieces
260 _aNew Delhi
_b PHI
365 _cRS
999 _c150217
_d150217